000 00475nam a2200181Ia 4500
001 2280
005 20260306143830.0
008 260306t2012||||xx |||||||||||||| ||spa||
041 _aESP
082 _a616.855
_bA32
100 _aAgredo Acevedo, Doralba
_eAUT
245 0 _aDislalia funcional:
_borigen, causas, valoración e interpretación primaria
260 _c2012
300 _a146 páginas :
_c24 cm.
650 _aGEN
654 _aCPS
942 _cLIB
_dJUS
_fJUS
_2ddc
_n
999 _c2280
_d2280